The love child / (Record no. 590276)

000 -LEADER
fixed length control field 00725cam a2200241 i 4500
001 - CONTROL NUMBER
control field 375303
003 - CONTROL NUMBER IDENTIFIER
control field NUST
005 - DATE AND TIME OF LATEST TRANSACTION
control field 20220705144536.0
008 - FIXED-LENGTH DATA ELEMENTS--GENERAL INFORMATION
fixed length control field 780606s1978 nyu 000 1 eng
010 ## - LIBRARY OF CONGRESS CONTROL NUMBER
LC control number 78016708
020 ## - INTERNATIONAL STANDARD BOOK NUMBER
International Standard Book Number 0399123024 :
Terms of availability $9.95
040 ## - CATALOGING SOURCE
Original cataloging agency DLC
Transcribing agency DLC
Modifying agency DLC
-- OCoLC
-- DLC
050 00 - LIBRARY OF CONGRESS CALL NUMBER
Classification number PR6015.I3
Item number L66 1978b
082 00 - DEWEY DECIMAL CLASSIFICATION NUMBER
Classification number 823.914
Author Mark CAR
100 1# - MAIN ENTRY--PERSONAL NAME
Personal name Carr, Philippa,
Dates associated with a name 1906-1993.
9 (RLIN) 8220
245 14 - TITLE STATEMENT
Title The love child /
Statement of responsibility, etc. by Philippa Carr [i.e. E. Hibbert].
260 ## - PUBLICATION, DISTRIBUTION, ETC.
Place of publication, distribution, etc. New York :
Name of publisher, distributor, etc. Putnam,
Date of publication, distribution, etc. c1978.
300 ## - PHYSICAL DESCRIPTION
Extent 371 p. ;
Dimensions 22 cm.
655 #7 - INDEX TERM--GENRE/FORM
Genre/form data or focus term Romantic suspense fiction.
Source of term gsafd
9 (RLIN) 5598
655 #7 - INDEX TERM--GENRE/FORM
Genre/form data or focus term Historical fiction.
Source of term gsafd
906 ## - LOCAL DATA ELEMENT F, LDF (RLIN)
a 7
b cbc
c orignew
d 1
e ocip
f 19
g y-gencatlg
942 ## - ADDED ENTRY ELEMENTS (KOHA)
Source of classification or shelving scheme
Koha item type Book
Holdings
Withdrawn status Lost status Source of classification or shelving scheme Damaged status Not for loan Permanent Location Current Location Shelving location Date acquired Total Checkouts Full call number Barcode Date last seen Price effective from Koha item type
          Central Library (CL) Central Library (CL) Fiction 07/05/2022   823.914 CAR CL3438 07/05/2022 07/05/2022 Book
© 2023 Central Library, National University of Sciences and Technology. All Rights Reserved.